000 00632nam a22002297a 4500
003 UA-OsUOA
001 95248
007 ta
008 20130226b un ||||| |||| 00| 0 ukr d
100 _aЗалыгин С.
090 _a821.161.1
_bЗ-25
942 _cBK
040 _aUA-OsUOA
_brus
_cUA-OsUOA
_dUA-OsUOA
245 _aПроза. Публицистика
_bрассказы, повесть
300 _a476 с.
955 _a3
041 _arus
080 _a821.161.1
260 _aМ.
_bМол. гвардия
_c1991
650 7 _a82 Література. Літературознавство
_2UDC
999 _c381500
_d381500